000
00282nam a2200109Ia 4500
008
230907s9999||||xx |||||||||||||| ||und||
082
_a
620.115
_b
NAN
245
0
_a
Nanomaterials handbook /
300
_a
xviii, 679 pages ;
650
_a
Handbooks, manuals, etc.
_9
11475
942
_c
BK
999
_c
598601
_d
598601